[Event "European School-ch 2019"]
[Site "Mamaia"]
[Date "2019.06.05"]
[Round "6.4"]
[White "Zemnitskiy, Alexander"]
[Black "Bulau, Andrei-Cristian"]
[Result "1-0"]
[WhiteElo "2024"]
[BlackElo "2244"]
[Annotator "RC"]
[PlyCount "117"]
[EventDate "2019.05.31"]
[EventType "swiss"]
[EventCountry "ROU"]
[SourceTitle "playchess.com"]
[Source "ChessBase"]
[SourceQuality "1"]
[TimeControl "40/5400+30:1800+30"]

1. d4 {[%emt 0:00:00]} d5 {[%emt 0:00:00]} 2. Bf4 {[%emt 0:00:00]} c5 {[%emt 0:00:00]} 3. e3 {[%emt 0:00:33]} Nf6 {[%emt 0:01:44]} 4. c3 {[%emt 0:00:40]} Nc6 {[%emt 0:00:13]} 5. Nd2 {[%emt 0:08:23]} Qb6 {[%emt 0:02:57]} 6. Qb3 {[%emt 0:00:27]} c4 {[%emt 0:01:16]} 7. Qc2 {[%emt 0:00:01]} g6 {[%emt 0:01:02]} 8. Ngf3 {[%emt 0:00:56]} Bf5 {[%emt 0:00:08]} 9. Qc1 {[%emt 0:00:01]} Bg7 {[%emt 0:00:42]} 10. Be2 {[%emt 0:00:13]} O-O {[%emt 0:00:38]} 11. O-O {[%emt 0:00:22]} Nh5 {[%emt 0:02:45]} 12. Bg5 {[%emt 0:01:57]} h6 {[%emt 0:01:10]} 13. Bh4 {[%emt 0:00:23]} g5 {[%emt 0:02:10]} 14. Bg3 {[%emt 0:01:41]} Nxg3 {[%emt 0:03:47]} 15. hxg3 {[%emt 0:00:03]} Rac8 {[%emt 0:01:04]} 16. Bd1 {[%emt 0:07:00]} Bd3 {[%emt 0:08:49]} 17. Re1 {[%emt 0:00:16]} f5 {[%emt 0:03:35]} 18. Bc2 {[%emt 0:00:48]} Be4 {[%emt 0:00:05]} 19. Nh2 {[%emt 0:03:34]} e5 {[%emt 0:04:55]} 20. Nxe4 {[%emt 0:04:10]} fxe4 {[%emt 0:01:01]} 21. Qd2 {[%emt 0:02:40]} exd4 {[%emt 0:01:34]} 22. exd4 {[%emt 0:00:08]} Rf7 {[%emt 0:03:20]} 23. Rab1 {[%emt 0:03:18]} Rcf8 {[%emt 0:01:49]} 24. f3 {[%emt 0:00:48]} exf3 {[%emt 0:16:06]} 25. Nxf3 {[%emt 0:02:32]} Qc7 {[%emt 0:13:25]} 26. g4 {[%emt 0:01:24]} Qd6 {[%emt 0:15:47]} 27. Re2 {[%emt 0:02:57]} Re7 {[%emt 0:01:44]} 28. Rbe1 {[%emt 0:03:17]} Rfe8 {[%emt 0:00:13]} 29. Bf5 {[%emt 0:01:49]} Rxe2 {[%emt 0:00:33]} 30. Rxe2 {[%emt 0:00:01]} Rxe2 {[%emt 0:00:01]} 31. Qxe2 {[%emt 0:00:02]} Kf7 {[%emt 0:00:48]} 32. Nd2 {[%emt 0:02:06]} Bf6 {[%emt 0:03:13]} 33. Nf1 {[%emt 0:01:33]} b5 {[%emt 0:00:49]} 34. a3 {[%emt 0:01:30]} a5 {[%emt 0:00:08]} 35. Qf3 {[%emt 0:05:28]} b4 {[%emt 0:01:07]} 36. axb4 {[%emt 0:00:03]} axb4 {[%emt 0:00:03]} 37. Ne3 {[%emt 0:04:45]} Ne7 {[%emt 0:01:27]} 38. Bb1 {[%emt 0:02:20]} bxc3 {[%emt 0:01:10]} 39. bxc3 {[%emt 0:00:06]} Qa3 {[%emt 0:01:13]} 40. Nxd5 {[%emt 0:00:00]} Qc1+ {[%emt 0:00:00]} 41. Kh2 {[%emt 0:03:45]} Nxd5 {[%emt 0:04:05]} 42. Qxd5+ {[%emt 0:00:34]} Kg7 {[%emt 0:01:33]} 43. Qd7+ {[%emt 0:01:28]} Kf8 {[%emt 0:00:41]} 44. Bg6 {[%emt 0:01:05]} Qf4+ {[%emt 0:00:52]} 45. Kh3 {[%emt 0:00:35]} Qe3+ {[%emt 0:03:31]} 46. g3 {[%emt 0:00:33]} Qe7 {[%emt 0:00:32]} 47. Qd5 {[%emt 0:02:38]} Kg7 {[%emt 0:02:25]} 48. Be4 {[%emt 0:00:35]} Qc7 {[%emt 0:01:59]} 49. Qf5 {[%emt 0:00:50]} Qe7 {[%emt 0:01:29]} 50. Qg6+ {[%emt 0:01:21]} Kf8 {[%emt 0:00:30]} 51. Bd5 {[%emt 0:01:30]} Bg7 {[%emt 0:00:39]} 52. Bxc4 {[%emt 0:00:49]} Qb7 {[%emt 0:01:50]} 53. Qf5+ {[%emt 0:00:38]} Ke8 {[%emt 0:00:53]} 54. Bd5 {[%emt 0:00:54]} Qe7 {[%emt 0:00:58]} 55. Bc6+ {[%emt 0:01:22]} Kd8 {[%emt 0:00:34]} 56. Qa5+ {[%emt 0:00:56]} Qc7 {[%emt 0:00:48]} 57. Qd5+ {[%emt 0:00:51]} Ke7 {[%emt 0:00:39]} 58. Qe4+ {[%emt 0:01:27]} Kd6 {[%emt 0:00:46]} 59. Qg6+ {[%emt 0:00:35] Kd5} 1-0

[Event "European School-ch 2019"]
[Site "Mamaia"]
[Date "2019.06.05"]
[Round "6.5"]
[White "Ozdemir, Serhan Berat"]
[Black "Farcadi, Hunor"]
[Result "1-0"]
[WhiteElo "1950"]
[BlackElo "2049"]
[Annotator "NA RC"]
[PlyCount "37"]
[EventDate "2019.05.31"]
[EventType "swiss"]
[EventCountry "ROU"]
[SourceTitle "playchess.com"]
[Source "ChessBase"]
[SourceQuality "1"]
[TimeControl "40/5400+30:1800+30"]

1. e4 {[%emt 0:00:00]} c5 {[%emt 0:00:07]} 2. Nf3 {[%emt 0:00:00]} Nc6 {[%emt 0:00:29]} 3. Bb5 {[%emt 0:00:00]} Qc7 {[%emt 0:01:12]} 4. O-O {[%emt 0:00:22]} a6 {[%emt 0:00:18]} 5. Bxc6 {[%emt 0:00:05]} dxc6 {[%emt 0:00:04]} 6. d4 {[%emt 0:00:11]} cxd4 7. Qxd4 {[%emt 0:00:09]} Bg4 {[%emt 0:05:56]} 8. Ne5 $16 {[%emt 0:00:10]} Rd8 {[%emt 0:05:55]} 9. Qc3 {[%emt 0:00:05]} Bh5 {[%emt 0:05:24]} 10. Bf4 {[%emt 0:03:55]} Qc8 {[%emt 0:01:03]} 11. Nd2 {[%emt 0:03:30]} Nf6 {[%emt 0:04:50]} 12. Rfe1 {[%emt 0:01:36]} e6 {[%emt 0:01:52]} 13. Ndc4 {[%emt 0:06:07]} Bc5 {[%emt 0:03:35]} 14. Nd3 {[%emt 0:02:37]} Bd4 {[%emt 0:03:34]} 15. Qa3 {[%emt 0:01:29]} Bg6 {[%emt 0:03:20]} 16. Nd6+ {[%emt 0:02:08]} Rxd6 {[%emt 0:00:05]} 17. Qxd6 {[%emt 0:00:35]} Ba7 {[%emt 0:00:55]} 18. Bg5 {[%emt 0:10:06]} Nxe4 {[%emt 0:02:14]} 19. Qe7# {[%emt 0:00:06]} 1-0

[Event "European School-ch 2019"]
[Site "Mamaia"]
[Date "2019.06.05"]
[Round "6.6"]
[White "David, Bogdan-Emanuel"]
[Black "Verbin, Valentina"]
[Result "0-1"]
[WhiteElo "2162"]
[BlackElo "1961"]
[Annotator "TA"]
[PlyCount "146"]
[EventDate "2019.05.31"]
[EventType "swiss"]
[EventCountry "ROU"]
[SourceTitle "playchess.com"]
[Source "ChessBase"]
[SourceQuality "1"]

{[%evp 10,146,12,2,14,16,16,5,43,8,17,16,25,0,2,0,18,-19,-13,-49,-40,-58,-66,-64,-70,-67,-52,-77,-78,-104,-85,-88,-75,-175,-106,-110,-96,-88,-106,-106,0,0,0,-74,-77,-381,-402,-375,-400,-372,-315,-495,-484,-453,-265,-264,-251,-273,-193,-339,-300,-315,-300,-300,-285,-333,-279,-312,-302,-295,-287,-357,-336,-336,-336,-329,-330,-275,-265,-261,-254,-647,-647,-647,-640,-640,0,-640,-640,-640,-640,-640,-631,-633,-541,-754,-679,-10738,-6494,-11886,-11473,-6987,-6608,-6579,-5977,-5322,-4554,-4347,-4335,-4312,-4250,-4250,-4243,-4243,-4243,-4243,-4243,-4153,-4153,-4153,-4153,-4153,-4153,-29965,-29962,-29974,-29974,-29974,-29973,-29972,-29971,-29972,-4137,-4137,-4137,-29985,-29986,-29988,-4825]} 1. e4 c5 2. Nc3 a6 3. g3 e6 4. Bg2 b5 5. d3 Bb7 6. Nh3 Qc7 {B23: Closed Sicilian: Lines without g3} (6... b4 7. Ne2 d5 8. e5 Nc6 9. f4 Nh6 10. Nf2 Nf5 11. O-O Qb6 12. c3 Be7 13. g4 Nh4 14. Bh1 {0-1 (35) Yu,Y (2738)-Khismatullin,D (2639) Moscow 2017}) 7. O-O Be7 8. f4 d6 {The position is equal.} 9. f5 exf5 $146 ({Predecessor:} 9... e5 10. Qg4 h5 11. Qe2 Nf6 12. Nd5 Nxd5 13. exd5 Nd7 14. c4 {0-1 (80) Dolinar,M (1773)-Skuhala,L (2095) Ptuj 2017}) 10. Rxf5 Nf6 11. Rf1 O-O 12. Nf4 Nbd7 13. h3 b4 14. Ncd5 (14. Na4 {is interesting.} Bc6 15. c4 a5 16. b3 Ne5 17. Be3) 14... Nxd5 15. exd5 Bf6 16. Rb1 Rae8 17. Kh2 a5 18. Nh5 {next Qg4 is good for White.} Be5 19. Qg4 Kh8 20. Bd2 Nb6 21. c3 {[#]} (21. c4 $17 {was necessary.}) 21... Bxd5 (21... f5 $1 $19 {[%cal Rf5g4]} 22. Qd1 Nxd5) 22. d4 $17 f5 23. Rxf5 cxd4 24. cxd4 {Black must now prevent Bxd5.} g6 (24... Rxf5 $17 25. Qxf5 Bxd4 26. Bxd5 Nxd5) 25. Rxf8+ $11 Rxf8 26. Nf4 (26. dxe5 $11 gxh5 27. Qe2 (27. exd6 $2 hxg4 28. dxc7 Rf2 $19 {[%mdl 64] Double Attack})) 26... Bxf4 $1 $17 27. Bxf4 $4 {[%mdl 8192]} (27. Rc1 $17 Qxc1 28. Bxc1 Bxc1 29. Bxd5 Nxd5 30. Qe6 Rf2+ 31. Kh1 Rf1+ 32. Kh2 Rf2+ 33. Kh1 Rf1+ 34. Kh2 Rf2+) 27... Bxg2 $19 28. Rc1 Bc6 29. Qe6 {[#] aiming for Rxc6!} Qd7 30. Qxd6 (30. Qxd7 $142 Bxd7 31. Rc7) 30... Qxd6 31. Bxd6 Rc8 (31... Rf2+ $142 32. Kg1 Rg2+ 33. Kf1 Bf3) 32. Rc5 a4 33. b3 Bd5 34. Rxc8+ (34. Bc7 {was called for.} axb3 35. axb3) 34... Nxc8 35. Bxb4 axb3 36. axb3 Bxb3 37. Kg2 Kg7 38. Kf3 Bd5+ 39. Kf4 Kf6 40. h4 Nb6 {And now ...Bg2 would win.} 41. Ba5 Nd7 42. Bd8+ Kg7 43. Bc7 Bg2 44. Bd8 Kf7 45. Kg5 $2 (45. g4) 45... h5 46. Bc7 Nf6 47. Be5 Nd7 $2 ({Better is} 47... Ne4+ $19 48. Kf4 Ke6) 48. Bd6 $2 {[%mdl 8192]} (48. Bc7 $11 Nf8 49. Be5) 48... Bh3 49. Bf4 Bf5 50. Be3 Ke6 51. Bf4 Kd5 52. g4 Bxg4 53. Kxg6 Kxd4 54. Kg5 Ke4 55. Bd6 Nb6 56. Bc5 Nd5 57. Bf2 Kf3 58. Be1 Ne3 59. Bd2 Ng2 60. Ba5 Kg3 61. Bc7+ Kh3 62. Bd8 Nxh4 63. Kf4 Ng2+ 64. Ke5 Bc8 65. Kf6 Kg4 66. Kg6 Bf5+ 67. Kh6 Nf4 68. Bg5 Nd5 69. Bd8 Bd3 70. Bg5 Nb6 (70... h4 $142 71. Bxh4 Kxh4 72. Kg7 Kg5 73. Kf8 Kf6 74. Ke8 Bb5+ 75. Kf8 Bd7 76. Kg8 Be6+ 77. Kh7 Bh3 78. Kh8 Nf4 79. Kh7 Be6 80. Kh6 Bd5 81. Kh7 Ng6 82. Kh6 Be4 83. Kh7 Kf7 84. Kh6 Nf4 85. Kg5 Nd3 86. Kh5 Kf6 87. Kh6 Bd5 88. Kh5 Bg2 89. Kh6 Nf4 90. Kh7 Kf7 91. Kh8 Ng6+ 92. Kh7 Be4 93. Kh6 Nf4 94. Kg5 Nd3 95. Kh5 Kf6 96. Kh6 Ne5 97. Kh5 Bc2 98. Kh4 Bd1 99. Kg3 Nd3 100. Kh4 Kg6 101. Kg3 Kg5 102. Kh3 Bg4+ 103. Kg3 Kh5 104. Kh2 Kh4 105. Kg2 Be2 106. Kh1 Kg3 107. Kg1 Nf4 108. Kh1 Ba6 109. Kg1 Nh3+ 110. Kh1 Bb7#) 71. Bd8 Nc8 72. Bf6 Nd6 73. Be5 Nf7+ {[%mdl 64] Double Attack. Accuracy: White = 23%, Black = 71%.} 0-1

[Event "European School-ch 2019"]
[Site "Mamaia"]
[Date "2019.06.05"]
[Round "6.7"]
[White "Ognean, Mihnea-Ionut"]
[Black "Padurariu, Mihai-Edward"]
[Result "1-0"]
[WhiteElo "2260"]
[BlackElo "2090"]
[Annotator "TA"]
[PlyCount "91"]
[EventDate "2019.05.31"]
[EventType "swiss"]
[EventCountry "ROU"]
[SourceTitle "playchess.com"]
[Source "ChessBase"]
[SourceQuality "1"]

{[%evp 15,91,18,39,37,35,34,32,40,18,12,16,13,13,0,0,-10,41,-57,-53,-58,-59,-60,25,3,21,-48,-20,-185,189,-27,-31,-42,89,106,146,72,361,378,519,529,494,492,668,661,578,434,426,422,408,382,382,382,351,370,370,370,370,306,495,489,545,543,669,527,605,584,554,549,732,718,2670,2595,1831,1266,29968,29972,2395,1205]} 1. d4 Nf6 2. c4 e6 3. Nc3 Bb4 4. f3 d5 5. a3 Be7 6. e4 dxe4 7. fxe4 e5 8. d5 Bc5 9. Nf3 {E20: Nimzo-Indian: 4 g3 and 4 f3} Bg4 10. h3 Bxf3 11. Qxf3 {White is slightly better.} Nbd7 12. Bd2 (12. g4 O-O 13. Bd3 c6 14. Be3 cxd5 15. cxd5 Rc8 16. Bxc5 Nxc5 {0-1 (41) Smirnov,A (2569)-Safarli,E (2681) chess.com INT 2019}) 12... O-O 13. O-O-O Bd4 14. Bd3 c6 15. g4 Ne8 $146 (15... Qb6 $11) ({Predecessor:} 15... Qb6 16. Bc2 Ne8 17. dxc6 bxc6 {½-½ (45) Amico,R (2325)-Cijs,P (2385) ICCF email 2008}) 16. h4 ({Better is} 16. Ne2 $14) 16... Qb6 $1 $15 17. Kb1 Nd6 18. Ka2 a5 ({Don't play} 18... cxd5 $6 19. Na4 $11) (18... Nc5 $1 $15 19. b4 Nxd3 20. Qxd3 Qa6) 19. Na4 $11 Qa7 20. Rc1 (20. Bc3 $11) 20... Rab8 21. Rc2 $2 (21. b3 $11 {and White stays safe.}) 21... Rfe8 $4 {[%mdl 8192] [#]} (21... b5 $19 22. c5 cxd5 23. cxd6 bxa4 24. exd5 Qb6) 22. Re1 $2 (22. c5 $1 $18 {[%cal Rc5d6][%mdl 512]} Nc8 (22... Bxc5 23. Nxc5) 23. h5 (23. Rf1 Rf8 $16)) 22... Rec8 23. Rec1 Nc5 (23... cxd5 $15 {keeps the upper hand.} 24. exd5 Re8) 24. Nxc5 $16 Bxc5 25. b3 (25. h5 $142) 25... b5 $2 {[%mdl 8192]} (25... Ra8 $16 {might work better.}) 26. cxb5 $18 {[%mdl 64] Discovered Attack} cxb5 {[#]} 27. Rxc5 $1 {[%mdl 576] Remove Defender} Rxc5 (27... Qxc5 28. Rxc5) 28. Be3 {[%mdl 64] Skewer} Nb7 29. Qf2 Rbc8 30. d6 {And now d7 would win.} Rxc1 31. Bxa7 {Threatens to win with d7.} Nxd6 32. Be3 ({Inferior is} 32. Qb6 Rd1 $11) 32... R1c3 33. Qe2 a4 34. bxa4 bxa4 35. Bd2 R3c6 36. Bb4 Nb7 $2 (36... Nb5 37. Qh2 f6) 37. Qd1 Nd8 38. Qxa4 Ne6 39. Qb5 f6 40. a4 {[%cal Ba3a4,Ba4a5,Ba5a6,Ba6a7][%mdl 32]} Nf4 41. a5 Rc1 42. a6 Rd1 43. Bc4+ Kh8 44. Ba5 Rd4 45. a7 h5 46. Bd5 {Accuracy: White = 42%, Black = 30%.} 1-0

[Event "European School-ch 2019"]
[Site "Mamaia"]
[Date "2019.06.05"]
[Round "6.8"]
[White "Neshev, Nikola"]
[Black "Tinarlioglu, Emre"]
[Result "0-1"]
[WhiteElo "1370"]
[BlackElo "1907"]
[Annotator "NA RC"]
[PlyCount "54"]
[EventDate "2019.05.31"]
[EventType "swiss"]
[EventCountry "ROU"]
[SourceTitle "playchess.com"]
[Source "ChessBase"]
[SourceQuality "1"]
[TimeControl "40/5400+30:1800+30"]

1. e4 {[%emt 0:00:00]} c5 {[%emt 0:00:00]} 2. Nf3 {[%emt 0:00:00]} d6 {[%emt 0:00:00]} 3. d4 {[%emt 0:00:00]} cxd4 {[%emt 0:00:00]} 4. Nxd4 {[%emt 0:00:00]} Nf6 {[%emt 0:00:00]} 5. Nc3 {[%emt 0:00:00]} a6 {[%emt 0:00:00]} 6. Bc4 {[%emt 0:00:00]} e6 {[%emt 0:00:01]} 7. f3 {[%emt 0:00:00]} Nbd7 {[%emt 0:03:01] B86: Sicilian Scheveningen/Najdorf: 6 Bc4, without early ...b5} 8. Be3 {[%emt 0:00:16]} b5 $2 {[%emt 0:02:54] [#]} (8... Qc7 $11 9. Bb3 Be7) 9. Bb3 $2 {[%emt 0:00:15]} ({White has to play} 9. Bxe6 $1 $18 {[%mdl 512]} Bb7 (9... fxe6 10. Nxe6) 10. Bb3) 9... Nc5 {[%emt 0:00:05]} 10. Qd2 {[%emt 0:04:07]} (10. g4 Qc7 11. Qd2 Bd7 12. g5 Nh5 13. Nce2 a5 14. c3 Nxb3 15. axb3 e5 16. Nc2 Qb7 {1-0 (43) Fernandez Guillen,E (2401)-Quesada Perez,L (2510) Merida 2018}) 10... Bb7 {[%emt 0:01:11]} 11. O-O-O {[%emt 0:00:46]} Be7 {[%emt 0:02:15]} 12. g4 {[%emt 0:01:19]} Rc8 {[%emt 0:04:24]} 13. Kb1 {[%emt 0:08:26]} Qc7 {[%emt 0:05:29]} 14. Rhe1 $146 {[%emt 0:06:43]} ({Predecessor:} 14. g5 Nfd7 15. h4 Nb6 16. h5 b4 17. Nce2 Nxb3 18. axb3 {1-0 (31) Pinto,A (1935)-Cardani,R (1950) Bergamo 2009}) 14... Nfd7 {[%emt 0:20:02]} 15. Bg5 {[%emt 0:03:03]} Nxb3 {[%emt 0:18:37]} 16. cxb3 {[%emt 0:00:33]} Nf6 {[%emt 0:02:13]} 17. f4 {[%emt 0:02:30]} b4 {[%emt 0:03:42]} 18. Nd5 {[%emt 0:06:06]} exd5 {[%emt 0:07:36]} 19. exd5 $19 {[%emt 0:02:01]} (19. Nf5 $1 $15 dxe4 20. Nxg7+ Kf8 21. Nf5) 19... O-O {[%emt 0:01:41]} 20. Nf5 {[%emt 0:02:12]} Bd8 {[%emt 0:03:11]} 21. Re3 {[%emt 0:23:14]} Nxd5 {[%emt 0:04:22]} 22. Rh3 {[%emt 0:00:50]} Bxg5 {[%emt 0:06:12]} 23. fxg5 {[%emt 0:02:37]} Rfe8 {[%emt 0:00:43]} 24. Qd3 {[%emt 0:01:14]} Nc3+ {[%emt 0:01:04]} 25. bxc3 {[%emt 0:01:24]} Be4 {[%emt 0:00:05]} 26. Qxe4 {[%emt 0:01:34]} Rxe4 {[%emt 0:00:05]} 27. Nxd6 {[%emt 0:00:13]} bxc3 {[%emt 0:00:54]} 0-1

[Event "European School-ch 2019"]
[Site "Mamaia"]
[Date "2019.06.05"]
[Round "6.9"]
[White "Kasaeva, Sofiia"]
[Black "Ceres, Dragos"]
[Result "0-1"]
[WhiteElo "1890"]
[BlackElo "2291"]
[Annotator "TA"]
[PlyCount "94"]
[EventDate "2019.05.31"]
[EventType "swiss"]
[EventCountry "ROU"]
[SourceTitle "playchess.com"]
[Source "ChessBase"]
[SourceQuality "1"]

{[%evp 9,93,35,37,33,34,21,37,31,31,22,56,8,32,22,34,-8,0,-20,-16,-27,-23,-17,-19,-31,-5,-8,-1,-95,-91,-115,-111,-121,-109,-132,-96,-110,-14,-58,-21,-237,0,-7,-5,0,0,-25,0,0,0,0,0,-22,0,-28,0,-67,-62,-351,-218,-224,-224,-203,-199,-176,-203,-566,-579,-548,-543,-473,-322,-302,-206,-185,-103,-173,0,-137,-106,-480,-141,-431,-425,-29970,-29971,-29999]} 1. e4 e5 2. Nf3 Nc6 3. Bb5 a6 4. Ba4 Nge7 5. c3 g6 6. d4 {C70: Ruy Lopez: 3...a6 4 Ba4, Norwegian and Delayed Schliemann} exd4 7. cxd4 b5 8. Bb3 {White is slightly better.} Bg7 9. O-O d6 10. Nc3 (10. a4 $5 {[%cal Ra4b5]}) 10... O-O 11. Nd5 (11. h3 Na5 12. Bc2 c5 13. dxc5 dxc5 14. Qxd8 Rxd8 {0-1 (65) Vachier Lagrave,M (2789)-Mamedyarov,S (2808) Leuven 2018}) 11... h6 12. Be3 Na5 $1 13. a4 $146 ({Predecessor:} 13. Rc1 Nxb3 14. Qxb3 Nxd5 15. Qxd5 Rb8 16. Qb3 {1-0 (54) Petr,J (2046)-Hollan,M (2233) Ricany 2017}) 13... Nxb3 14. Qxb3 Nxd5 15. Qxd5 Rb8 16. Qc6 Bb7 17. Qc2 f5 18. Qb3+ (18. exf5 $11 Rxf5 19. axb5 axb5 20. Ra7) 18... Kh7 $17 19. exf5 Rxf5 20. Nd2 Qh4 $1 {aiming for ...Rh5.} 21. Rfc1 Bd5 (21... Bxd4 $2 22. Rxc7+ Kh8 23. Qb4 $18) 22. Qd3 c6 ({Black should try} 22... Rh5 $1 $17 23. Nf1 Rb7) 23. axb5 Rxb5 24. Rxa6 $2 (24. f3 $11 {and White is okay.}) 24... Rxb2 $2 ({Better is} 24... Rh5 $1 $19 25. Nf1 Bxg2 $1 {[%mdl 512]} 26. Kxg2 Qh3+ 27. Kg1 Rbg5+ {[%mdl 64] Pin} 28. Ng3 Rxg3+ $1 {[%mdl 512]} 29. fxg3 Qxh2+ {[%mdl 64] Double Attack} 30. Kf1 Qh1+ 31. Bg1 Rf5+ 32. Qxf5 gxf5) 25. Ra7 $11 {[#]} Qg4 $1 {[%csl Gd5][%cal Rg4g2][%mdl 512]} 26. Qf1 Rf8 27. Rc3 Rxd2 {[%mdl 64] Decoy} 28. Bxd2 Qxd4 {[%mdl 64] Double Attack} 29. Rxg7+ $1 Qxg7 30. Rh3 h5 31. Bc3 Qf7 32. Bd4 (32. Re3 $11) 32... Qf4 $15 33. Qa1 $2 {[%mdl 8192]} (33. Be3 $15 Qb4 34. Bc1) 33... Ra8 34. Qd1 Rb8 35. Rd3 {[#]} Be4 $1 {[%cal Re4d3]} 36. Qa1 {[#] Qa7+ would kill now.} (36. Be3 $2 Qf6 $19) 36... c5 $1 $40 {[%cal Rc5d4][%mdl 128] Black goes for the king.} ({Stronger than} 36... Bxd3 37. Qa7+ Kh6 38. Bg7+ Kg5 39. Qe7+ Kf5 40. Qd7+ Ke4 41. Qxc6+ (41. Qe6+ $2 Qe5 $19) 41... Kf5 42. Qd7+ Ke4 43. Qc6+ Kf5 44. Qd5+ Qe5 45. Qf7+ (45. g4+ hxg4 46. Qf7+ Kg5 $11) 45... Ke4 46. Qf3+ Kd4 47. Bxe5+ dxe5 48. Qe3+ Kc4 49. h3 $16) 37. Be3 $2 {[#]} (37. f3 {nothing else works.} cxd4 38. fxe4) 37... Qg4 $1 $19 {[%csl Ge4][%cal Rg4g2]} 38. f3 Bxf3 $1 {[%csl Gf3][%cal Rg4g2]} 39. Rd2 Be4 40. Rb2 {Qa7+ is the strong threat.} Rxb2 41. Qxb2 Qd1+ 42. Kf2 Qg4 43. Kg1 Bd5 44. Bc1 $2 {[%mdl 8192]} (44. Qd2 $17 Qe4 45. Qf2) 44... Qd1+ 45. Kf2 Qh1 $1 {[%csl LRg2,LRh2][%mdl 64] Double Attack} 46. Qd2 (46. Qc3 $19) 46... Qxg2+ 47. Ke3 Qf3# {Accuracy: White = 40%, Black = 62%.} 0-1

[Event "European School-ch 2019"]
[Site "Mamaia"]
[Date "2019.06.05"]
[Round "6.10"]
[White "Ochedzan, Tymon"]
[Black "Radojicic, Aleksandar M"]
[Result "1-0"]
[WhiteElo "2064"]
[BlackElo "1906"]
[Annotator "NA RC"]
[PlyCount "103"]
[EventDate "2019.05.31"]
[EventType "swiss"]
[EventCountry "ROU"]
[SourceTitle "playchess.com"]
[Source "ChessBase"]
[SourceQuality "1"]
[TimeControl "40/5400+30:1800+30"]

1. e4 {[%emt 0:00:00]} c5 {[%emt 0:00:00]} 2. Nf3 {[%emt 0:00:00]} e6 {[%emt 0:00:00]} 3. d4 {[%emt 0:00:00]} cxd4 {[%emt 0:00:03]} 4. Nxd4 {[%emt 0:00:06]} a6 {[%emt 0:00:24]} 5. Bd3 {[%emt 0:01:20]} Nf6 {[%emt 0:01:01]} 6. O-O {[%emt 0:00:35]} Qc7 {[%emt 0:00:14]} 7. Qe2 {[%emt 0:01:10]} d6 {[%emt 0:00:31]} 8. f4 {[%emt 0:02:29]} Nbd7 {[%emt 0:15:21]} 9. c4 {[%emt 0:02:55]} g6 {[%emt 0:01:06] B42: Sicilian: Kan Variation: 5 Bd3} (9... Be7 10. Nc3 O-O 11. Kh1 b6 12. Bd2 Re8 13. Rae1 Bb7 14. Nf3 e5 15. Nd5 Bxd5 16. cxd5 exf4 17. Bxf4 Bf8 18. Bg5 h6 19. Bxf6 Nxf6 {0-1 (42) Saric,I (2687)-Fedorchuk,S (2607) Bastia 2018}) 10. f5 {[%emt 0:03:40]} e5 {[%emt 0:12:33]} 11. Ne6 {[%emt 0:04:21]} fxe6 {[%emt 0:08:09]} 12. fxe6 {[%emt 0:00:10]} Bg7 {[%emt 0:12:59]} 13. exd7+ {[%emt 0:00:57]} Bxd7 {[%emt 0:03:29]} 14. Nc3 {[%emt 0:04:54]} Bg4 $146 {[%emt 0:11:17]} ({Predecessor:} 14... O-O 15. Be3 Be6 16. Rac1 Qd7 17. Nd5 Nxd5 18. Rxf8+ Rxf8 19. cxd5 {1-0 (31) Shyam,S (2534)-Stubberud,O (2248) Leiden 2017}) 15. Nd5 {[%emt 0:08:18]} Qc5+ {[%emt 0:03:39]} 16. Qe3 {[%emt 0:01:49]} Nxd5 {[%emt 0:13:04]} 17. Qxc5 {[%emt 0:05:23]} ({Much weaker is} 17. exd5 Qxe3+ 18. Bxe3 Rc8 $11) 17... dxc5 {[%emt 0:00:11]} 18. exd5 {[%emt 0:04:02]} (18. cxd5 $16 Rc8 19. b3) 18... O-O-O {[%emt 0:09:44]} 19. Bg5 {[%emt 0:15:22]} Rde8 {[%emt 0:04:28]} 20. Be4 {[%emt 0:14:05]} Rhf8 {[%emt 0:01:12]} 21. Be3 {[%emt 0:09:31]} b6 {[%emt 0:00:31]} 22. Rae1 {[%emt 0:02:31]} Bf5 {[%emt 0:00:26]} 23. Bf2 {[%emt 0:00:52]} Kd7 {[%emt 0:00:27]} 24. h3 {[%emt 0:02:16]} Kd6 {[%emt 0:00:26]} 25. Re2 {[%emt 0:01:20]} Bxe4 {[%emt 0:00:29]} 26. Rxe4 {[%emt 0:00:04]} Rc8 {[%emt 0:00:38]} 27. Rfe1 {[%emt 0:01:11]} Rce8 {[%emt 0:00:30]} 28. b3 {[%emt 0:04:11]} Rf5 {[%emt 0:00:27]} 29. Bg3 {[%emt 0:00:43]} Rff8 {[%emt 0:00:32]} 30. Rf1 {[%emt 0:01:53]} Rd8 {[%emt 0:00:36]} 31. Rf3 {[%emt 0:00:35]} Rf5 {[%emt 0:00:31]} 32. Kf2 {[%emt 0:00:33]} Rdf8 {[%emt 0:00:25]} 33. Bh2 {[%emt 0:01:02]} R8f7 $14 {[%emt 0:00:26]} 34. Ree3 {[%emt 0:02:21]} Bh6 {[%emt 0:00:30]} 35. Rxe5 {[%emt 0:00:58]} Rxf3+ 36. gxf3 {[%emt 0:00:06]} Kd7 {[%emt 0:01:09]} 37. Re6 {[%emt 0:00:42]} b5 {[%emt 0:00:15]} 38. Rxa6 {[%emt 0:00:30]} bxc4 {[%emt 0:00:28]} 39. bxc4 {[%emt 0:00:51]} Rf8 {[%emt 0:00:13]} 40. Ra7+ {[%emt 0:00:00]} Kc8 {[%emt 0:00:00]} 41. Rc7+ {[%emt 0:02:52]} Kd8 {[%emt 0:00:16]} 42. Rxc5 {[%emt 0:00:26]} Re8 {[%emt 0:00:10]} 43. Ra5 {[%emt 0:01:26]} Be3+ {[%emt 0:00:26]} 44. Kf1 {[%emt 0:00:50]} Kd7 {[%emt 0:00:17]} 45. c5 {[%emt 0:01:22]} Rc8 {[%emt 0:00:22]} 46. c6+ {[%emt 0:00:28]} Ke8 {[%emt 0:00:07]} 47. Ke2 {[%emt 0:00:31]} Bd4 {[%emt 0:00:17]} 48. Kd3 {[%emt 0:00:19]} Bf2 {[%emt 0:00:11]} 49. Kc4 {[%emt 0:00:38]} Kd8 {[%emt 0:00:28]} 50. Rb5 {[%emt 0:00:27]} Ba7 {[%emt 0:00:18]} 51. Rb7 {[%emt 0:00:29]} Ra8 {[%emt 0:00:05]} 52. c7+ {[%emt 0:00:48]} 1-0